Italienisch Korrespondenz und Handelslehre für Kaufleute

Gespeichert in:
Bibliographische Detailangaben
Format: Buch
Sprache:Deutsch
Italienisch
Veröffentlicht: Bern Hallwag [s.a.]
Tags: Tag hinzufügen
Keine Tags, Fügen Sie das erste Tag hinzu!

MARC

LEADER 00000nam a2200000 4500
001 0312421
005 20250923095638.4
041 0 |a ger 
041 0 |a ita 
044 |a CH 
245 1 0 |a Italienisch Korrespondenz und Handelslehre für Kaufleute  |c Mario Alani 
264 1 |a Bern  |b Hallwag  |c [s.a.]